Genetics : (Record no. 13007)
[ view plain ]
| 000 -LEADER | |
|---|---|
| fixed length control field | 01882cam a22003498a 4500 |
| 001 - CONTROL NUMBER | |
| control field | 13007 |
| 003 - CONTROL NUMBER IDENTIFIER | |
| rucl marc code | BD-RjUL |
| 005 - DATE AND TIME OF LATEST TRANSACTION | |
| control field | 20211208235405.0 |
| 008 - FIXED-LENGTH DATA ELEMENTS--GENERAL INFORMATION | |
| fixed length control field | 140130s2009 mau b 001 0 eng |
| 020 ## - INTERNATIONAL STANDARD BOOK NUMBER | |
| International Standard Book Number | 9780763758684 (alk. paper) |
| 035 ## - SYSTEM CONTROL NUMBER | |
| System control number | (BD-RjUL)13057 |
| 040 ## - CATALOGING SOURCE | |
| Original cataloging agency | DNLM/DLC |
| Transcribing agency | DLC |
| Modifying agency | DLC |
| -- | BD-RjUL |
| Language of cataloging | eng |
| 041 ## - LANGUAGE CODE | |
| Language code of text/sound track or separate title | eng |
| 060 10 - NATIONAL LIBRARY OF MEDICINE CALL NUMBER | |
| Classification number | QU 450 |
| Item number | H331g2009 |
| 082 00 - DEWEY DECIMAL CLASSIFICATION NUMBER | |
| Classification number | 576.5 |
| Edition number | 22 |
| Author mark and year | HAG |
| 100 1# - MAIN ENTRY--PERSONAL NAME | |
| Personal name | Hartl, Daniel L. |
| 9 (RLIN) | 40542 |
| 245 10 - TITLE STATEMENT | |
| Title | Genetics : |
| Remainder of title | analysis of genes and genomes / |
| Statement of responsibility, etc. | Daniel L. Hartl and Elizabeth W. Jones. |
| 250 ## - EDITION STATEMENT | |
| Edition statement | 7th ed. |
| 260 ## - PUBLICATION, DISTRIBUTION, ETC. (IMPRINT) | |
| Place of publication, distribution, etc. | Sudbury, Mass. : |
| Name of publisher, distributor, etc. | Jones and Bartlett, |
| Date of publication, distribution, etc. | c2009. |
| 263 ## - PROJECTED PUBLICATION DATE | |
| Projected publication date | 0812 |
| 300 ## - PHYSICAL DESCRIPTION | |
| Pagination | 763 p. ; |
| Size | 27 cm. |
| 504 ## - BIBLIOGRAPHY, ETC. NOTE | |
| Bibliography, etc | Includes bibliographical references and index. |
| 505 0# - FORMATTED CONTENTS NOTE | |
| Formatted contents note | Introduction to molecular genetics and genomics -- DNA structure and DNA manipulation -- Transmission genetics : the principle of segregation -- Chromosomes and sex-chromosome inheritance -- Genetic linkage and chromosome mapping -- Molecular biology of DNA replication and recombination -- Molecular organization of chromosomes -- Human karyotypes and chromosome behavior -- Genetics of bacteria and their viruses -- Molecular biology of gene expression -- Molecular mechanisms of gene regulation -- Genomics, proteomics, and transgenics -- Genetic control of development -- Molecular mechanisms of mutation and DNA repair -- Molecular genetics of the cell cycle and cancer -- Mitochondrial DNA and extranuclear inheritance -- Molecular evolution and population genetics -- The genetic basis of complex inheritance. |
| 650 #0 - SUBJECT ADDED ENTRY--TOPICAL TERM | |
| Topical term or geographic name as entry element | Genetics. |
| 9 (RLIN) | 40543 |
| Topical term or geographic name as entry element | Genetics. |
| 9 (RLIN) | 40544 |
| Topical term or geographic name as entry element | Genomics. |
| 9 (RLIN) | 35440 |
| 700 1# - ADDED ENTRY--PERSONAL NAME | |
| Personal name | Jones, Elizabeth W. |
| 856 41 - ELECTRONIC LOCATION AND ACCESS | |
| Materials specified | Table of contents only |
| Uniform Resource Identifier | <a href="http://www.loc.gov/catdir/toc/ecip088/2008001012.html">http://www.loc.gov/catdir/toc/ecip088/2008001012.html</a> |
| 942 ## - ADDED ENTRY ELEMENTS (KOHA) | |
| Source of classification or shelving scheme | Dewey Decimal Classification |
| Koha item type | Books |
| Lost status | Source of classification or shelving scheme | Damaged status | Not for loan | Collection code | Permanent Location | Current Location | Shelving location | Date acquired | Source of acquisition | Cost, normal purchase price | Total Checkouts | Full call number | Date last seen | Date checked out | Copy number | Koha item type |
|---|---|---|---|---|---|---|---|---|---|---|---|---|---|---|---|---|
| Dewey Decimal Classification | Non-fiction | Central Library, University of Rajshahi | Central Library, University of Rajshahi | 22/08/2010 | Dhaka paragon Enterprise | 50.00 | 23 | 576.5 HAG 2009 | 16/06/2025 | 08/04/2025 | C-2 | Books |